000 00809cam a22002654a 4500
001 11962180
005 20260116173114.0
008 000403s2001 mau 001 0 eng
020 _a0072300353
_qalk. paper
020 _a9780072300352
_q(alk. paper)
050 0 0 _aHF5635
_b.L684 2001
082 0 0 _a657
_221
100 1 _aLibby, Robert.
245 1 0 _aFinancial accounting /
_cRobert Libby, Patricia A. Libby, Daniel G. Short.
250 _a3rd ed.
260 _aBoston, Mass. :
_bMcGraw-Hill/Irwin,
_cc2001.
300 _axxxv, 875 p. :
_bill. (some col.) ;
_c29 cm.
500 _aIncludes indexes.
650 0 _aAccounting.
650 0 _aCorporations
_xAccounting.
650 0 _aFinancial statements.
700 1 _aLibby, Patricia A.
700 1 _aShort, Daniel G.
942 _2lcc
_cBK
_e3rd Ed.
_n0
999 _c8584
_d8584